000 01024cam a2200277 a 4500
999 _c4187
_d4187
003 ALUPE UNIVERSITY COLLEGE
005 20220322070336.0
008 920330s1992 waua 001 0 eng
020 _a1556154909 (acidfree paper) :
040 _cALUPE UNIVERSITY COLLEGE
050 0 0 _aHF5548.4 .M523
_b.M53 1992
245 0 0 _aMicrosoft Excel 4 companion /
_cDouglas Cobb ... [et al.].
250 _aMacintosh ed.
260 _aRedmond, Wash. :
_bMicrosoft Press,
_cc1992.
300 _axx, 841 p. :
_bill. ;
_c24 cm.
500 _aAt head of title: The Cobb Group.
500 _aUpdated and expanded version of: Microsoft Excel 3 companion.
500 _aIncludes index.
650 0 _aBusiness
_xComputer programs.
650 0 _aMacintosh (Computer)
_xProgramming.
700 1 _aCobb, Douglas Ford.
710 2 _aCobb Group.
906 _a7
_bcbc
_corignew
_d1
_eocip
_f19
_gy-gencatlg
942 _2lcc
_cBK